000 01086nab a22002417a 4500
999 _c6541
_d6541
003 OSt
005 20260223124236.0
008 190506c xxu||||| |||| 00| 0 spa d
040 _cPJ
100 _94445
_aViola, Efraín
245 1 0 _aSentencia favorable, ¿crédito cobrable? :
_bsobre depreciación y "otras yerbas..." /
_cEfraín Viola.
260 _aBuenos Aires :
_bAbeledoPerrot,
_c2024.
300 _ap. 7-10
500 _aCita: TR LALEY AR/DOC/766/2024.
505 _aSumario: I. Exordio.— II. Crujen las bases.— III. Depreciación del crédito.— IV. Ladran Sancho...— V. La difícil misión de convertir la sentencia en moneda.— VI. Conclusiones.
505 _t¿Te interesa el texto completo? Comunicate al correo: koha@justierradelfuego.gov.ar
650 0 _91316
_aDERECHO LABORAL
650 0 _91514
_aPROCEDIMIENTO LABORAL
650 0 _93790
_aACTUALIZACIÓN MONETARIA
650 0 _94496
_aCRÉDITO LABORAL
773 0 _02751
_93202
_dBuenos Aires : AbeledoPerrot, 2013-
_tRevista de derecho laboral y seguridad social. Nº 9 - Mayo 2024
942 _2udc
_cANA